000 00500nam a2200169 i 4500
001 111847
003 ES-MaACL
005 20230906185355.0
007 t|
008 061121s1971 sp r ||||1| spa d
100 1 _aOrxales, Maruxa.
_987705
245 1 0 _aTe he perdido, para ti mis palabras
_b: Dulce María Orjales Valcárcel, Maruxa Orjales.
250 _a1ª. ed.
260 _aMadrid :
_b[s.n.],
_c1971 (
_fImp. El arte)
300 _a95 p. ;
_c21 cm.
852 _aES-MaACL
_jC-47044
_bR.80851
999 _c111847
_d111847